| 000 | 00323nam a22001097a 4500 | ||
|---|---|---|---|
| 008 | 230621b xxu||||| |||| 00| 0 eng d | ||
| 082 |
_a328.3 _bIPU 1994 |
||
| 245 | _aResults 1994 September Session of the Inter-Parliamentary Union | ||
| 260 |
_aDenmark _bInter-Parliamentary Union _c1994 |
||
| 300 | _aIV,108p | ||
| 942 |
_2ddc _cBK |
||
| 999 |
_c2160 _d2160 |
||